000 01059nab a22002297a 4500
999 _c5512
_d5512
003 OSt
005 20251210150251.0
008 190604e xxu||||| |||| 00| 0 spa d
040 _cPJ
100 _95579
_aCaamaño, Carlos R.
245 1 3 _aEl deber de confidencialidad tutelado en el Código Civil y Comercial de la Nación /
_cCaamaño, Carlos R.
260 _aCiudad Autónoma de Buenos Aires :
_bThomson Reuters La Ley,
_c2025.
300 _ap. 165-172
500 _aCita Online: TR LALEY AR/DOC/1039/2025.
505 _aSumario: I. Introducción.— II. Preguntas frecuentes. Respuestas valorativas.— III. Conclusión.
505 _t¿Te interesa el texto completo? Solicitalo al correo: koha@justierradelfuego.gov.ar
650 0 _91497
_aCODIGO CIVIL Y COMERCIAL
650 0 _93673
_aRESPONSABILIDAD PRECONTRACTUAL
650 0 _93726
_aRESPONSABILIDAD CONTRACTUAL
773 0 _02714
_93171
_dCiudad Autónoma de Buenos Aires : Thomson Reuters La Ley, 2014-
_tRevista anales de legislación argentina. Nº 9 - Septiembre 2025.
942 _2udc
_cANA